5 Largest Cities In The World (V-W-X-Y-Z) - Statistics

General Stats
  • This quiz has been taken 64 times
  • The average score is 11 of 25
Answer Stats
Country Population City % Correct
Austria 1,691,468 Vienna
95%
Poland 1,702,139 Warsaw
95%
China 9,785,388 Wuhan
88%
China 5,905,000 Xi'an
88%
Cameroon 1,299,369 Yaounde
73%
Japan 3,574,443 Yokohama
73%
Myanmar 4,477,638 Yangon
71%
Poland 634,893 Wroclaw
66%
China 1861289 Xiamen
66%
Russia 1,349,772 Yekaterinburg
59%
Venezuela 1,385,083 Valencia
51%
China 4,253,913 Zhengzhou
49%
India 1,164,404 Varanasi
39%
China 865,672 Wenzhou
36%
China 3,129,228 Zibo
32%
India 1,409,476 Vadodara
29%
China 3,543,719 Wuxi
20%
India 1,063,178 Visakhapatnam
17%
China 3,121,275 Zhongshan
10%
China 2,199,689 Xiangyang
8%
Mexico 1,142,483 Zapopan
3%
China 2,462,583 Xianning
0%
China 1,315,942 Xintai
0%
China 2,612,800 Yunfu
0%
China 1,000,000 Zhu Cheng City
0%
No matching quizzes found
Score Distribution
Percent of People with Each Score
Percentile by Number Answered
Your Score History
You have not taken this quiz